000 02407nam0a2200457 4500
001 RU\NLR\BIBL_A\012720332
005 20260319145129.0
010 _a978-5-6046925-0-9
_9500
021 _aRU
_bКН-П-21-079924
_9КН-П-21-6356
035 _a(NLR Aleph) 012720332
035 _a(RuMoRGB)010883362
090 _a12939073
_c12939073
100 _a20220302d2021 k y0rusy50 ca
101 0 _arus
102 _aRU
105 _ac z 000zd
181 0 _ai3
_baxxe
182 1 _an
200 1 _aФранцузский постмодернизм. Ж. Бодрийяр, А. Бадью, Ж.-Ф. Лиотар
_eмонография
_fВ. В. Николин
_g[редактор: Лоскутова К. Д.]
_gОмский государственный педагогический университет
203 _aТекст
_bвизуальный
_cнепосредственный
210 _aОмск
_cИзд-во ИП Шелудивченко А. В
_d2021
215 _a475 с.
_cпортр.
_d22
225 1 _aСобрание сочинений
_vт. 29
300 _aНа 4-й с. обл. авт.: Николин В. В., д-р филос. наук. проф.
320 _aБиблиогр. в конце разделов и в подстроч. примеч.
333 _a18+
600 1 _aБодрийяр
_bЖ.
_f1929 - 2007
_gЖан
_xФилософские взгляды
_92527238
_3RU\NLR\AUTH\661497162
600 1 _aБадью
_bА.
_f1937
_gАлен
_xФилософские взгляды
_91959588
_3RU\NLR\AUTH\661184459
600 1 _aЛиотар
_bЖ.-Ф.
_f1924 - 1998
_gЖан-Франсуа
_xФилософские взгляды
_92510173
_3RU\NLR\AUTH\6601703188
610 0 _aпостмодернизм
610 0 _aпостмодернистская философия
686 1 _aЮ3(4Фр)6-68
700 1 _7ca
_8rus
_aНиколин
_bВ. В.
_f1957-
_gВиктор Владимирович
_943494
_3RU\NLR\AUTH\7760563
702 1 _4280
_7ca
_8rus
_aБодрийяр
_bЖ.
_f1929-2007
_gЖан
_9120510
_3RU\NLR\AUTH\7710745
702 1 _4280
_7ca
_8rus
_aБадью
_bА.
_f1937-
_gАлен
_9150267
_3RU\NLR\AUTH\770150304
702 1 _aЛиотар
_bЖ. -Ф.
_f1924-1998
_gЖан-Франсуа
_4280
702 1 _aЛоскутова
_bК. Д.
_4340
942 _cBOOK
980 _aNB